Brethren in Faith: the all india muslim leage and the Palistine issue (1917-1947) / (Record no. 565531)

000 -LEADER
fixed length control field 00425nam a2200133Ia 4500
008 - FIXED-LENGTH DATA ELEMENTS--GENERAL INFORMATION
fixed length control field 210430s9999 xx 000 0 und d
020 ## - INTERNATIONAL STANDARD BOOK NUMBER
International Standard Book Number 9789695623701
082 ## - DEWEY DECIMAL CLASSIFICATION NUMBER
Classification number 320.954035 M236B
100 ## - MAIN ENTRY--PERSONAL NAME
Personal name Dr. Malik, Shafiq
245 ## - TITLE STATEMENT
Title Brethren in Faith: the all india muslim leage and the Palistine issue (1917-1947) /
Statement of responsibility, etc. Dr. Nadeem Shafiq Malik
260 ## - PUBLICATION, DISTRIBUTION, ETC.
Place of publication, distribution, etc. Lahore.
Name of publisher, distributor, etc. Fiction House.
Date of publication, distribution, etc. 2015
300 ## - PHYSICAL DESCRIPTION
Extent 608p.
942 ## - ADDED ENTRY ELEMENTS (KOHA)
Koha item type Book
Source of classification or shelving scheme
Holdings
Withdrawn status Lost status Damaged status Not for loan Permanent Location Current Location Date acquired Total Checkouts Full call number Barcode Date last seen Price effective from Koha item type
        School of Chemical & Materials Engineering (SCME) School of Chemical & Materials Engineering (SCME)     320.954035 M236B SCME- D28 04/30/2021 04/30/2021 Book
© 2023 Central Library, National University of Sciences and Technology. All Rights Reserved.